Städte mit Kreisrechten in der Woiwodschaft Łódź - Statistiken

Allgemein
  • Dieses Quiz wurde 7 mal gespielt
  • Das Durchschnittsergebnis liegt bei 4 aus 15
Antwortstatistiken
Hint Antwort % Korrekt
34 km² Belchatow
75%
51,43 km² Radomsko
50%
42,33 km² Zgierz
50%
15,34 km² Lask
25%
293,25 km² Lodsch
25%
24,75 km² Opotschno
25%
32,99 km² Pabianitz
25%
67,27 km² Petrikau
25%
51,22 km² Sieradz
25%
32,89 km² Skierniewitz
25%
41,30 km² Tomaszow Mazowiecki
25%
16,90 km² Welun
25%
24,58 km² Zdunska Wola
25%
33,59 km² Kutno
0%
13,67 km² Rawa Mazowiecka
0%
Keine übereinstimmenden Quizze gefunden
Verteilung der Resultate
Anzahl Personen mit jedem Resultat
Perzentil nach korrekt beantworteten Fragen
Ihre Resultats-Entwicklung
Sie haben dieses Quiz noch nicht gespielt